000
00221 a2200097 4500
001
47146
100
_a
Callaban T
245
_a
I Was Chaplain on the Franklin
260
_a
New York
_b
Macmillan
_c
090
_c
30203
_d
30203
942
_a
NUST-CAE
_c
M
_c
22452
999
_c
282219
_d
282219